| 000 | 00501nam a2200181Ia 4500 | ||
|---|---|---|---|
| 999 |
_c14291 _d14291 |
||
| 003 | OSt | ||
| 005 | 20201019110114.0 | ||
| 008 | 190216s9999||||xx |||||||||||||| ||und|| | ||
| 020 | _a9788187852049 | ||
| 040 | _coclc | ||
| 082 |
_a306.7 _bEID/C |
||
| 100 |
_aEide, Rita _95878 |
||
| 245 | 4 |
_aThe Celastial Voice Of Diana / _cRita Eide |
|
| 260 |
_bSoulzone, _aMumbai: _c1999. |
||
| 300 | _a151p | ||
| 650 | _aEnglish-Biography | ||
| 942 |
_cBK _2ddc _h306.7 _iEID/C _k306.7 _mEID/C |
||